|
|
|
|
| LEADER |
00000nab a2200000 a 4500 |
| 001 |
vtls000754221 |
| 003 |
SK-MaSNL |
| 005 |
20260303215912.0 |
| 008 |
160322c2000 xo 0 slo |
| 015 |
|
|
|a SNBRB2001/04-12300
|
| 035 |
|
|
|a CLN000106008
|
| 040 |
|
|
|a SNKBUCL
|b slo
|c SNKBUCL
|e AACR2
|
| 041 |
0 |
|
|a slo
|
| 044 |
|
|
|a xo
|c SK
|
| 080 |
|
|
|a 78.071.1/.2:784.66
|2 UDC-MRF-SK2
|
| 080 |
|
|
|a 784.66
|2 UDC-MRF-SK2
|
| 080 |
|
|
|a 929 Filip, Jaroslav
|2 UDC-MRF-SK2
|
| 245 |
0 |
0 |
|a Zomrel hudobník, herec a humorista Jaroslav Filip
|c [autor] (dam, dv, tasr)
|
| 300 |
|
|
|b Fotogr.
|
| 600 |
1 |
7 |
|a Filip, Jaroslav,
|d 1949-2000
|2 snkbucl
|9 98589
|
| 655 |
|
7 |
|a články z novín a časopisov
|2 snkbucl
|9 267496
|
| 773 |
0 |
|
|t Sme
|g Roč. 8, č. 159 (10.7.2000), s. 3
|
| 850 |
|
|
|a Slovenská národná knižnica v Martine
|
| 852 |
|
|
|a SNK
|b KIS3GCP
|
| 958 |
|
|
|a BX
|
| 999 |
|
|
|c 2223939
|d 2225869
|